[Event "Xtracon Chess Open 2019"]
[Site "Helsingor DEN"]
[Date "2019.07.27"]
[Round "9.84"]
[White "Kunz, Andre"]
[Black "Undheim, Bjarne"]
[Result "1-0"]
[WhiteElo "2163"]
[BlackElo "1892"]
[WhiteFideId "24623652"]
[BlackFideId "1506862"]
[EventDate "2019.07.20"]

1. e4 d5 2. exd5 Nf6 3. d4 Bg4 4. Bb5+ Nbd7 5. f3 Bf5 6. Nc3 a6 7. Ba4 b5 8. Bb3
Nb6 9. Nge2 Nfxd5 10. Nxd5 Nxd5 11. O-O e6 12. Ng3 Bg6 13. f4 Be7 14. f5 exf5
15. Nxf5 Bxf5 16. Rxf5 Nf6 17. Qf3 O-O 18. c3 Ra7 19. Bg5 Qa8 20. d5 a5 21. Bc2
Ra6 22. Rf1 h6 23. Rxf6 Bxf6 24. Qd3 Re8 25. Qh7+ Kf8 26. Qh8+ Ke7 27. Re1+ Re6
28. Rxe6+ fxe6 29. Qxg7+ Kd6 30. Bf4+ Kxd5 31. Qd7+ 1-0

[Event "Xtracon Chess Open 2019"]
[Site "Helsingor DEN"]
[Date "2019.07.27"]
[Round "9.86"]
[White "Skovgaard, Tom"]
[Black "Ivarsson, Torbjorn"]
[Result "1-0"]
[WhiteElo "1954"]
[BlackElo "2119"]
[WhiteFideId "1406337"]
[BlackFideId "1705865"]
[EventDate "2019.07.20"]

1. e4 e6 2. d4 d5 3. Nd2 Nf6 4. e5 Nfd7 5. Bd3 c5 6. c3 Nc6 7. Ndf3 cxd4 8. cxd4
f6 9. exf6 Nxf6 10. Nh3 Bb4+ 11. Bd2 Qa5 12. a3 Bxd2+ 13. Qxd2 Qxd2+ 14. Kxd2
O-O 15. Rac1 Bd7 16. Rhe1 Rae8 17. b4 a6 18. Ne5 Nxe5 19. Rxe5 Ng4 20. Re2 Rc8
21. Rxc8 Bxc8 22. Ng5 h6 23. Nf3 Bd7 24. h3 Nf6 25. Ne5 Bb5 26. Re3 Nd7 27. Bxb5
Nxe5 28. Bxa6 bxa6 29. Rxe5 Rxf2+ 30. Re2 Rf6 31. Kc3 Kf7 32. a4 Ke7 33. b5 axb5
34. axb5 Kd6 35. Ra2 Rg6 36. Kb4 Rg3 37. Ka5 Kc7 38. Ka6 Kb8 39. Rf2 e5 40. dxe5
d4 41. Kb6 Rg6+ 42. Kc5 d3 43. Kd5 Kc7 44. Rd2 Rb6 45. Rxd3 Rxb5+ 46. Ke6 Rb2
47. g4 g5 48. Ke7 Kc6 49. e6 Re2 50. Kf7 Rf2+ 51. Kg6 1-0

[Event "Xtracon Chess Open 2019"]
[Site "Helsingor DEN"]
[Date "2019.07.27"]
[Round "9.87"]
[White "Taksrud, Vidar"]
[Black "Shehzad, Shazil"]
[Result "0-1"]
[WhiteElo "1942"]
[BlackElo "2088"]
[WhiteFideId "1502158"]
[BlackFideId "1521942"]
[EventDate "2019.07.20"]

1. Nc3 c5 2. Nf3 a6 3. d4 cxd4 4. Nxd4 Nf6 5. g3 e5 6. Nf3 e4 7. Nh4 h6 8. Be3
Nc6 9. Nf5 d5 10. Nd4 Ng4 11. Nxc6 bxc6 12. Qd4 Nxe3 13. Qxe3 Be7 14. O-O-O f5
15. g4 O-O 16. Qd4 Qa5 17. gxf5 Bf6 18. Qd2 Rb8 19. Rg1 Qb4 20. Qe3 d4 21. Qxe4
Qxb2+ 22. Kd2 Qxc3+ 23. Kc1 d3 24. exd3 Rb1+ 0-1

[Event "Xtracon Chess Open 2019"]
[Site "Helsingor DEN"]
[Date "2019.07.27"]
[Round "9.88"]
[White "Liabotro, Ola"]
[Black "Rasmussen, Morten Fredsgaard2"]
[Result "1-0"]
[WhiteElo "2081"]
[BlackElo "1882"]
[WhiteFideId "1512382"]
[BlackFideId "1410636"]
[EventDate "2019.07.20"]

1. e4 c6 2. d4 d5 3. Nc3 dxe4 4. Nxe4 Bf5 5. Ng3 Bg6 6. h4 h6 7. Nf3 Nd7 8. h5
Bh7 9. Bd3 Bxd3 10. Qxd3 Ngf6 11. Bf4 Qa5+ 12. Bd2 Qc7 13. O-O-O e6 14. Ne4 Nxe4
15. Qxe4 Nf6 16. Qe2 O-O-O 17. g3 Bd6 18. c4 c5 19. Kb1 cxd4 20. Nxd4 a6 21. Bc3
Rd7 22. Nb3 Rhd8 23. c5 Be7 24. Rc1 Qc6 25. Ba5 Re8 26. Rhe1 Rd5 27. Bb6 Bd8 28.
Rc4 Qd7 29. Rec1 Bxb6 30. cxb6+ Kb8 31. Rc7 Qd6 32. Nc5 1-0

[Event "Xtracon Chess Open 2019"]
[Site "Helsingor DEN"]
[Date "2019.07.27"]
[Round "9.89"]
[White "Voll, Oddvar U"]
[Black "Skjoldager, Per"]
[Result "1/2-1/2"]
[WhiteElo "1927"]
[BlackElo "2081"]
[WhiteFideId "1533827"]
[BlackFideId "1408828"]
[EventDate "2019.07.20"]

1. e4 c6 2. d4 d5 3. exd5 cxd5 4. c4 Nf6 5. Nc3 g6 6. Nf3 Bg7 7. Bg5 Nbd7 8.
cxd5 O-O 9. Bc4 Nb6 10. Bb3 Nbxd5 11. O-O e6 12. Qd2 Nxc3 13. bxc3 Ne4 14. Qf4
Nxg5 15. Nxg5 Qf6 16. Qg3 Bd7 17. Rfe1 Bc6 18. Nxe6 Rfe8 19. Nxg7 Kxg7 20. f3
Rac8 21. Rxe8 Bxe8 22. Re1 Bb5 23. Re3 Rxc3 24. Qe1 Rc7 25. Qd2 Qd6 26. d5 Qf6
27. a4 Bd7 28. d6 Rc6 29. Rd3 b6 30. Rd4 Qe5 31. Rd5 Qf6 32. Rd3 Qe5 33. f4 Qc5+
34. Kf1 Qc1+ 35. Qxc1 Rxc1+ 36. Kf2 Rc8 37. Re3 Re8 38. Rxe8 Bxe8 39. g4 Bd7 40.
g5 Kf8 41. Ke3 a5 42. Kd4 b5 43. axb5 Bxb5 44. Kc5 a4 45. Ba2 Bd7 46. Kb4 Ke8
47. Bc4 Kf8 48. Bd5 Ke8 49. Bc4 Kf8 50. Bd5 Ke8 51. Bc4 1/2-1/2

[Event "Xtracon Chess Open 2019"]
[Site "Helsingor DEN"]
[Date "2019.07.27"]
[Round "9.90"]
[White "Rygg, Andreas Gangstad"]
[Black "Skjoldager, Mikael"]
[Result "1-0"]
[WhiteElo "1923"]
[BlackElo "2076"]
[WhiteFideId "1527754"]
[BlackFideId "1434314"]
[EventDate "2019.07.20"]

1. e4 c5 2. Be2 Nc6 3. f4 g6 4. Nf3 Bg7 5. O-O d6 6. c3 e6 7. d3 Nge7 8. Be3 O-O
9. Nbd2 b6 10. Qe1 Ba6 11. d4 Bxe2 12. Qxe2 cxd4 13. Nxd4 Rc8 14. N2f3 d5 15.
Rad1 Nxd4 16. Bxd4 Qc7 17. Bxg7 Kxg7 18. e5 Nf5 19. Nd4 Qc5 20. Qf2 Nxd4 21.
Rxd4 Rc7 22. Qh4 f6 23. exf6+ Rxf6 24. Re1 Rcf7 25. g3 Qb5 26. Rd2 Qc4 27. a3 h6
28. Qg4 Qc5+ 29. Kh1 Qc6 30. Rd4 Rf5 31. Qe2 R5f6 32. Qg4 b5 33. Kg1 a5 34. Qe2
Rb7 35. Qd2 Qc5 36. Kg2 Rbf7 37. Re5 Qf8 38. Re2 Rc7 39. Re5 Qd6 40. Qe2 Rb7 41.
Rd2 Qc6 42. Kh3 Rb6 43. Qd3 Qc4 44. Qd4 Qxd4 45. Rxd4 Rf7 46. Kg4 Rc7 47. Rd3
Kf6 48. Re2 b4 49. cxb4 axb4 50. axb4 Rc4 51. b5 Rb4 52. Rc3 R4xb5 53. Rcc2 Rb3
54. Kh3 g5 55. Kg4 gxf4 56. gxf4 R6b4 57. Rc6 Rb6 58. Rexe6+ 1-0

[Event "Xtracon Chess Open 2019"]
[Site "Helsingor DEN"]
[Date "2019.07.27"]
[Round "9.91"]
[White "Knudsen, Jan"]
[Black "Hamalainen, Joel"]
[Result "1/2-1/2"]
[WhiteElo "1577"]
[BlackElo "1736"]
[WhiteFideId "1460803"]
[BlackFideId "516660"]
[EventDate "2019.07.20"]

1. e4 d5 2. e5 Bf5 3. f4 e6 4. Nf3 c5 5. d3 f6 6. b3 Be7 7. Bb2 Nc6 8. g3 fxe5
9. Nxe5 Nxe5 10. Bxe5 Bf6 11. Qe2 Bxe5 12. Qxe5 Qf6 13. Qxf6 Nxf6 14. Nd2 h5 15.
h3 O-O-O 16. Bg2 Rhe8 17. Nf3 Bh7 18. O-O-O Bg8 19. Rhe1 d4 20. Ne5 Re7 21. Re2
Rde8 22. Rde1 Bh7 23. Nc4 Kc7 1/2-1/2

[Event "Xtracon Chess Open 2019"]
[Site "Helsingor DEN"]
[Date "2019.07.27"]
[Round "9.92"]
[White "Schweitzer, Werner"]
[Black "Fjallheim, Leif Reinert"]
[Result "0-1"]
[WhiteElo "2072"]
[BlackElo "1883"]
[WhiteFideId "1622927"]
[BlackFideId "7201788"]
[EventDate "2019.07.20"]

1. e4 e5 2. Nc3 Nf6 3. g3 Nc6 4. Bg2 Bc5 5. Nge2 a6 6. O-O d6 7. d3 Be6 8. Nd5
Bxd5 9. exd5 Ne7 10. c4 Nf5 11. Rb1 a5 12. Bh3 Nd4 13. Nxd4 Bxd4 14. Qa4+ Ke7
15. Kh1 Re8 16. Bg5 Kf8 17. Qc2 h6 18. Bd2 Nh7 19. Rbe1 Ng5 20. Bg2 Qd7 21. Be3
Re7 22. Qd2 f6 23. Bxd4 exd4 24. Rxe7 Qxe7 25. Re1 Qd7 26. h4 Nf7 27. Re4 Qa4
28. a3 b5 29. Rxd4 b4 30. axb4 Qxb4 31. Qc2 Rb8 32. Rf4 Qxb2 33. Qa4 Qb6 34. d4
Re8 35. Kh2 Re7 36. Bh3 g5 37. Rxf6 Qxd4 38. hxg5 hxg5 39. Rf5 Re2 40. Kg1 Re1+
41. Kh2 Qe4 42. g4 Qh1+ 43. Kg3 Rg1+ 0-1

[Event "Xtracon Chess Open 2019"]
[Site "Helsingor DEN"]
[Date "2019.07.27"]
[Round "9.93"]
[White "Sebastian, Andreas"]
[Black "Pallesen, Jacob"]
[Result "1/2-1/2"]
[WhiteElo "1911"]
[BlackElo "2041"]
[WhiteFideId "1529498"]
[BlackFideId "1404881"]
[EventDate "2019.07.20"]

1. d4 Nf6 2. Bf4 g6 3. Nc3 Bg7 4. Qd2 d6 5. e4 Nbd7 6. O-O-O c5 7. dxc5 Nxc5 8.
e5 Nh5 9. exd6 Nxf4 10. Qxf4 O-O 11. dxe7 Qxe7 12. Nd5 Qe5 13. Qxe5 Bxe5 14. Nf3
Bg7 15. Ne7+ Kh8 16. Nxc8 Raxc8 17. Bd3 Rfd8 18. Kb1 Na4 19. c3 Nxb2 20. Kxb2
Rxc3 21. Be4 Rdc8 22. Kb1 R3c4 23. Bd5 Rc2 24. Nd4 Rxf2 25. Bb3 Rxg2 26. Nc2 Be5
27. Rd7 Rc7 28. Rxc7 Bxc7 29. Bxf7 Bxh2 30. Bd5 Rg1+ 31. Rxg1 Bxg1 32. Bxb7 h5
33. Kb2 g5 34. Kc3 g4 35. Kd3 Kg7 36. Ke4 Kf6 37. Kf4 Bh2+ 38. Ke4 Kg5 39. Nd4
h4 40. Bc8 h3 41. Ne2 Bc7 42. Bb7 g3 43. Kf3 1/2-1/2

[Event "Xtracon Chess Open 2019"]
[Site "Helsingor DEN"]
[Date "2019.07.27"]
[Round "9.94"]
[White "Sidali, Elias Hulleberg"]
[Black "Jorgensen, Alexander Torp"]
[Result "1-0"]
[WhiteElo "2041"]
[BlackElo "1863"]
[WhiteFideId "1530518"]
[BlackFideId "1434187"]
[EventDate "2019.07.20"]

1. e4 c6 2. d4 d5 3. Nc3 dxe4 4. Nxe4 Bf5 5. Ng3 Bg6 6. Nf3 Nf6 7. h4 Nh5 8.
Nxh5 Bxh5 9. Bc4 e6 10. c3 Be7 11. Bf4 Bxh4 12. g3 Bxf3 13. Qxf3 Bg5 14. Qg4 Bf6
15. O-O-O b5 16. Bb3 a5 17. Rde1 Ra7 18. Qh5 g6 19. Qc5 Ra6 20. d5 Nd7 21. Qd6
Be7 22. dxe6 Bxd6 23. exf7+ Kf8 24. Bh6# 1-0

[Event "Xtracon Chess Open 2019"]
[Site "Helsingor DEN"]
[Date "2019.07.27"]
[Round "9.95"]
[White "Cramling Bellon, Anna"]
[Black "Markussen, Petter B"]
[Result "1-0"]
[WhiteTitle "WFM"]
[WhiteElo "2030"]
[BlackElo "1873"]
[WhiteFideId "32009232"]
[BlackFideId "1533045"]
[EventDate "2019.07.20"]

1. d4 Nf6 2. c4 g6 3. Nc3 Bg7 4. e4 d6 5. h3 O-O 6. Nf3 e5 7. d5 Nh5 8. g3 f5 9.
exf5 gxf5 10. Nh4 Nf4 11. Bd2 a5 12. Rg1 Ng6 13. Nxg6 hxg6 14. h4 Na6 15. Bg5
Bf6 16. Qd2 Bxg5 17. hxg5 Kf7 18. O-O-O Qe7 19. f4 Re8 20. Re1 e4 21. Rh1 Kg8
22. Rh6 Qg7 23. Qh2 Nc5 24. Be2 Nd7 25. Nb5 Nf8 26. Nxc7 Qxc7 27. Rh8+ 1-0

[Event "Xtracon Chess Open 2019"]
[Site "Helsingor DEN"]
[Date "2019.07.27"]
[Round "9.96"]
[White "Kittilsen, Sigurd"]
[Black "Meurman, Arne"]
[Result "1-0"]
[WhiteElo "1894"]
[BlackElo "2014"]
[WhiteFideId "1515624"]
[BlackFideId "1704923"]
[EventDate "2019.07.20"]

1. e4 c5 2. Nf3 e6 3. d4 cxd4 4. Nxd4 Nc6 5. Nc3 a6 6. Be3 Qc7 7. f3 Nf6 8. Qd2
Bb4 9. a3 Ba5 10. Nb3 Bxc3 11. Qxc3 d5 12. exd5 Nxd5 13. Qxg7 Qe5 14. Qxe5 Nxe5
15. Bd4 f6 16. c4 Nf4 17. O-O-O Nfg6 18. g3 Kf7 19. f4 Nc6 20. Bg2 Nge7 21. Bc3
Re8 22. Na5 Rb8 23. Nxc6 Nxc6 24. Bf3 Re7 25. Rhe1 Bd7 26. Rd6 Rc8 27. Bh5+ Kg7
28. Bg4 Rce8 29. Red1 Bc8 30. Bh5 Rg8 31. Bf3 Nb8 32. Bb4 Rc7 33. b3 Kg6 34. Rd8
Rxd8 35. Rxd8 Nc6 36. Bd6 Nxd8 37. Bxc7 Nc6 38. Be4+ f5 39. Bf3 Kf6 40. Kd2 e5
41. Bxc6 bxc6 42. Bxe5+ Ke7 43. Kc3 c5 44. b4 cxb4+ 45. axb4 Kd7 46. b5 axb5 47.
cxb5 Bb7 48. Kd4 Bg2 49. Kc5 Bf3 50. Kb6 Be2 51. Ka6 Bf3 52. Ka7 Bg2 53. b6 Kc8
54. Bc7 Bf3 55. Ka6 Bg2 56. Be5 Bf3 57. Bg7 Bg2 58. Bh6 Bf3 59. Ka7 Bb7 60. h3
Bf3 61. g4 Kd7 62. gxf5 Ke7 63. Bg5+ 1-0

[Event "Xtracon Chess Open 2019"]
[Site "Helsingor DEN"]
[Date "2019.07.27"]
[Round "9.97"]
[White "Christiansen, Arne"]
[Black "Stage, Allan Juul"]
[Result "1/2-1/2"]
[WhiteElo "2011"]
[BlackElo "1855"]
[WhiteFideId "1402013"]
[BlackFideId "1452371"]
[EventDate "2019.07.20"]

1. d4 d5 2. c4 c6 3. Nf3 Nf6 4. Nc3 g6 5. e3 Bg7 6. Be2 O-O 7. h3 b6 8. cxd5
cxd5 9. O-O Ba6 10. Bxa6 Nxa6 11. Qb3 Nc7 12. Bd2 Ne4 13. Rfd1 e6 14. Be1 f5 15.
Ne5 Bxe5 16. dxe5 Nc5 17. Qc2 Rf7 18. b4 1/2-1/2

[Event "Xtracon Chess Open 2019"]
[Site "Helsingor DEN"]
[Date "2019.07.27"]
[Round "9.98"]
[White "Saravana, Vedant Kumar"]
[Black "Andersen, Kim Nyvang"]
[Result "1/2-1/2"]
[WhiteElo "1861"]
[BlackElo "2008"]
[WhiteFideId "45059730"]
[BlackFideId "1415743"]
[EventDate "2019.07.20"]

1. e4 c5 2. Nf3 Nc6 3. Bb5 e6 4. Bxc6 bxc6 5. d3 f6 6. e5 fxe5 7. Nxe5 Nf6 8.
Bg5 Bd6 9. Nc4 Be7 10. Bxf6 gxf6 11. Qh5+ Kf8 12. Qh6+ Kg8 13. h4 Bf8 14. Qh5 d5
15. Ne3 Bg7 16. Rh3 Bd7 17. Rg3 Qe7 18. Qf3 h5 19. Qe2 Kf7 20. Nf5 Qd8 21. Nxg7
Qf8 22. Qf3 Rh7 23. Nxh5 Qh6 24. Nf4 e5 25. Ne2 Qxh4 26. Nd2 Qb4 27. O-O-O Rah8
28. Nb3 a5 29. a3 Qb6 30. Nc3 Qa7 31. a4 Rh4 32. Nxd5 cxd5 33. Qxd5+ Be6 34.
Qxc5 Qd7 35. Qxa5 Rxa4 36. Qb6 Qe7 37. Nc5 Ra1+ 38. Kd2 Rxd1+ 39. Kxd1 Rh1+ 40.
Kd2 Bd5 41. Qb5 Rf1 42. f3 Rf2+ 43. Kc3 f5 44. Qd7 Qxd7 45. Nxd7 e4 46. fxe4
fxe4 47. dxe4 Bxe4 48. Ne5+ Ke6 49. Nd3 Rf5 50. Re3 Kd5 51. Nb4+ Ke5 52. Nc6+
Kf4 1/2-1/2

[Event "Xtracon Chess Open 2019"]
[Site "Helsingor DEN"]
[Date "2019.07.27"]
[Round "9.99"]
[White "Larsen, Preben R."]
[Black "Philipsen, William Horup"]
[Result "1-0"]
[WhiteElo "1844"]
[BlackElo "2001"]
[WhiteFideId "1425790"]
[BlackFideId "1408470"]
[EventDate "2019.07.20"]

1. e4 e5 2. Nf3 f5 3. d4 fxe4 4. Nxe5 Nf6 5. Bg5 d6 6. Nc4 b5 7. Ne3 Be7 8. Nd2
Bb7 9. Bxb5+ c6 10. Be2 Nbd7 11. c3 d5 12. O-O Qb6 13. Qb3 Qc7 14. Bh4 Bd6 15.
Bg3 Bxg3 16. fxg3 O-O 17. c4 Rab8 18. Qc2 Ba6 19. Nb3 Rb4 20. cxd5 Bxe2 21. Qxe2
cxd5 22. Rac1 Qb7 23. Qc2 Rb8 24. Qc6 a5 25. Qxb7 R4xb7 26. Nxa5 Rxb2 27. Nc6
Ra8 28. Ne7+ Kh8 29. N7xd5 Nxd5 30. Nxd5 Nf6 31. Nxf6 gxf6 32. Rf2 Raxa2 33.
Rxb2 Rxb2 34. Re1 f5 35. g4 Rd2 36. gxf5 Rxd4 37. Kf2 Kg7 38. Ke3 Ra4 39. g4 Kf6
40. Kf4 e3+ 41. Kf3 h5 42. h3 Kg5 43. Rg1 h4 44. Re1 Ra2 45. Rxe3 Rh2 46. Ke4
Rg2 47. Rd3 Re2+ 48. Re3 Rg2 49. Ra3 Re2+ 50. Kd5 Rg2 51. Ra6 Rg3 52. Rg6+ Kf4
53. f6 Rxh3 54. f7 Rd3+ 55. Ke6 Re3+ 56. Kf6 Kg3 57. Kg7 Re7 58. Kg8 Rxf7 59.
Kxf7 h3 60. g5 Kg4 61. Kf6 1-0

[Event "Xtracon Chess Open 2019"]
[Site "Helsingor DEN"]
[Date "2019.07.27"]
[Round "9.100"]
[White "Munksgaard, Bo"]
[Black "Bering, Anders"]
[Result "1/2-1/2"]
[WhiteElo "1740"]
[BlackElo "1999"]
[WhiteFideId "1407473"]
[BlackFideId "1405810"]
[EventDate "2019.07.20"]

1. Nf3 c5 2. e4 d6 3. d3 Nc6 4. g3 g6 5. Bg2 Bg7 6. c3 e6 7. O-O Nge7 8. Be3 O-O
9. Qd2 f5 10. Na3 Rb8 11. Bh6 d5 12. Bxg7 Kxg7 13. e5 d4 14. c4 h6 15. h4 b6 16.
Nc2 a5 17. b3 Bb7 18. a3 Qc7 19. Rfe1 Ra8 20. Rab1 Nb8 21. b4 axb4 22. axb4 Nd7
23. Ncxd4 cxd4 24. Nxd4 Qb8 25. Nxe6+ Kf7 26. Nxf8 Nxf8 27. Qxh6 Bxg2 28. Kxg2
Nc6 29. Qe3 Ne6 30. b5 1/2-1/2

[Event "Xtracon Chess Open 2019"]
[Site "Helsingor DEN"]
[Date "2019.07.27"]
[Round "9.101"]
[White "Shehzad, Alisha"]
[Black "Digernes, Magnus"]
[Result "0-1"]
[WhiteElo "1637"]
[BlackElo "1997"]
[WhiteFideId "1521926"]
[BlackFideId "1514873"]
[EventDate "2019.07.20"]

1. e4 e6 2. d4 d5 3. Nd2 a6 4. c3 c5 5. exd5 exd5 6. Ngf3 Nc6 7. dxc5 Bxc5 8.
Nb3 Be7 9. Be2 Nf6 10. O-O h6 11. Re1 O-O 12. Bf4 Nh5 13. Be3 Re8 14. Nfd4 Nf6
15. Qc2 Bd6 16. Rad1 Ng4 17. Bxg4 Bxg4 18. f3 Bh5 19. Bf2 Qc7 20. g3 Ne5 21. Kg2
Bg6 22. Qe2 f6 23. Qf1 Nc4 24. Ne2 Qf7 25. Nf4 Nxb2 26. Rd2 Nc4 27. Rde2 Rxe2
28. Qxe2 Bxf4 29. gxf4 Re8 30. Qd1 Rxe1 31. Qxe1 Bf5 32. Nd4 Qg6+ 33. Bg3 Qh5
34. Nxf5 Qxf5 35. Qc1 Qd3 36. Qe1 Ne3+ 37. Kf2 Nd1+ 38. Kg2 Nxc3 39. Qe8+ Kh7
40. Qe6 Qe2+ 41. Qxe2 Nxe2 0-1

[Event "Xtracon Chess Open 2019"]
[Site "Helsingor DEN"]
[Date "2019.07.27"]
[Round "9.102"]
[White "Jorgensen, Orla Eilegaard"]
[Black "Magnussen, Pal"]
[Result "0-1"]
[WhiteElo "1614"]
[BlackElo "1985"]
[WhiteFideId "1413368"]
[BlackFideId "1711814"]
[EventDate "2019.07.20"]

1. f4 Nf6 2. Nf3 d5 3. b3 c5 4. e3 Nc6 5. Bb2 Bf5 6. Bb5 Bd7 7. a4 e6 8. d3 Be7
9. Bxc6 Bxc6 10. Ne5 Rc8 11. Nd2 O-O 12. Nxc6 Rxc6 13. g4 Nd7 14. g5 e5 15. Qf3
exf4 16. exf4 Re6+ 17. Kf2 Bxg5 18. fxg5 Qxg5 19. Ne4 dxe4 20. dxe4 Qd2+ 21. Kf1
Ne5 22. Qg3 Rf6+ 0-1

[Event "Xtracon Chess Open 2019"]
[Site "Helsingor DEN"]
[Date "2019.07.27"]
[Round "9.103"]
[White "Knudsen, Ole"]
[Black "Hempler, Poul"]
[Result "1-0"]
[WhiteElo "1969"]
[BlackElo "1856"]
[WhiteFideId "1410830"]
[BlackFideId "1468464"]
[EventDate "2019.07.20"]

1. e4 c6 2. d4 d5 3. e5 Bf5 4. h4 h6 5. g4 Bh7 6. e6 fxe6 7. Bd3 g6 8. f4 e5 9.
fxe5 e6 10. Nf3 Nd7 11. c3 Bg7 12. Qc2 Ne7 13. Be3 Nf8 14. Nbd2 h5 15. Bg5 Qd7
16. Bxe7 Qxe7 17. g5 Qf7 18. O-O-O Ke7 19. Qb3 1-0

[Event "Xtracon Chess Open 2019"]
[Site "Helsingor DEN"]
[Date "2019.07.27"]
[Round "9.105"]
[White "Vehl, Tina"]
[Black "Petersen, Peter Birk"]
[Result "0-1"]
[WhiteElo "1823"]
[BlackElo "2158"]
[WhiteFideId "1418262"]
[BlackFideId "1401696"]
[EventDate "2019.07.20"]

1. d4 Nf6 2. c4 e6 3. Nf3 c5 4. d5 exd5 5. cxd5 d6 6. Nc3 g6 7. e4 Bg7 8. Be2
O-O 9. O-O Bg4 10. h3 Bxf3 11. Bxf3 Nbd7 12. Be2 Re8 13. Qc2 a6 14. a4 Rc8 15.
Bd2 c4 16. Rfe1 Qc7 17. Rab1 Qc5 18. Be3 Qb4 19. b3 cxb3 20. Rxb3 Qa5 21. Qd2
Nc5 22. Rbb1 Nxa4 23. Nxa4 Qxa4 24. Rxb7 Nxe4 25. Qd3 Nc5 26. Bxc5 Rxc5 27. Qf3
f5 28. Reb1 Be5 29. g4 Rc3 30. Bd3 Qd4 31. R1b3 Rxb3 32. Rxb3 fxg4 33. hxg4 Rf8
34. Qg2 Qc5 35. Bxa6 Rxf2 36. Qe4 Re2+ 0-1

[Event "Xtracon Chess Open 2019"]
[Site "Helsingor DEN"]
[Date "2019.07.27"]
[Round "9.106"]
[White "Masotti, Roberto"]
[Black "Laustsen, Lars"]
[Result "0-1"]
[WhiteElo "1814"]
[BlackElo "2137"]
[WhiteFideId "815071"]
[BlackFideId "1407554"]
[EventDate "2019.07.20"]

1. d4 d5 2. c4 c6 3. Nc3 dxc4 4. e3 b5 5. a4 b4 6. Ne4 Qd5 7. Ng3 Nf6 8. Qc2 Ba6
9. Nf3 b3 10. Qb1 e6 11. Bd2 c5 12. e4 Qb7 13. Be2 cxd4 14. Nxd4 Bb4 15. Qc1 O-O
16. Bc3 Bxc3+ 17. Qxc3 Nc6 18. Nb5 Rfd8 19. O-O Bxb5 20. axb5 Nd4 21. e5 Ne4 22.
Qxc4 Nd2 0-1

[Event "Xtracon Chess Open 2019"]
[Site "Helsingor DEN"]
[Date "2019.07.27"]
[Round "9.108"]
[White "Halvorsen, Benjamin"]
[Black "Stovring, Claus"]
[Result "0-1"]
[WhiteElo "1789"]
[BlackElo "2036"]
[WhiteFideId "1516604"]
[BlackFideId "1406914"]
[EventDate "2019.07.20"]

1. e4 c5 2. Nf3 d6 3. g3 g6 4. Bg2 Bg7 5. O-O Nc6 6. c3 Nf6 7. Re1 e5 8. d3 O-O
9. Bg5 Rb8 10. Qd2 b5 11. d4 Qb6 12. d5 Ne7 13. Bh6 Bxh6 14. Qxh6 c4 15. Re2 Bg4
16. h3 Bxf3 17. Bxf3 Nd7 18. h4 f5 19. h5 Rf6 20. Nd2 Rbf8 21. Rf1 Nc5 22. g4
fxg4 23. Bxg4 Rf4 24. Qg5 R8f6 25. Kh1 h6 26. Qh4 g5 27. Qh3 Nd3 28. f3 Nxb2 29.
Rb1 Nd3 30. Nxc4 Qc5 31. Ne3 Nf2+ 32. Rxf2 Qxe3 33. Rfb2 Kg7 34. Rxb5 Rxg4 35.
Qxg4 Rxf3 36. Rg1 Rf4 37. Qg3 Qxe4+ 38. Rg2 Nf5 39. Rb7+ Kf6 40. Qh3 Rh4 0-1

[Event "Xtracon Chess Open 2019"]
[Site "Helsingor DEN"]
[Date "2019.07.27"]
[Round "9.109"]
[White "Skjoldager, Flemming"]
[Black "Frederiksen Kristian, Pade"]
[Result "1/2-1/2"]
[WhiteElo "1972"]
[BlackElo "1822"]
[WhiteFideId "1406515"]
[BlackFideId "1435205"]
[EventDate "2019.07.20"]

1. b3 e5 2. Bb2 Nc6 3. e3 d5 4. Bb5 Bd6 5. Nf3 f6 6. O-O Ne7 7. d4 e4 8. Nfd2 a6
9. Be2 Nb8 10. Ba3 Bxa3 11. Nxa3 Qd6 12. Qc1 O-O 13. c4 c6 14. f3 f5 15. fxe4
fxe4 16. Rxf8+ Kxf8 17. cxd5 cxd5 18. Qf1+ Kg8 19. Nc2 Be6 20. b4 Nd7 21. Nb3
Rf8 22. Qd1 Rf6 23. Bg4 Rg6 24. Bxe6+ Qxe6 25. Qe2 Nf5 26. Rf1 Nh4 27. Ne1 Rh6
28. Nc5 Nxc5 29. bxc5 Rf6 30. Rxf6 Qxf6 31. Qh5 Nf5 32. Qe8+ Qf8 33. Qe6+ Qf7
34. Qc8+ Qf8 35. Qxf8+ Kxf8 36. Kf2 Ke7 37. g4 Nh4 38. g5 Ke6 39. Kg3 Nf5+ 40.
Kf4 g6 41. Ng2 Ng7 42. a4 Nf5 43. a5 Ne7 44. Kg4 Kd7 45. h4 Kc6 46. Kf4 Kb5 47.
Ke5 Kc4 48. Kd6 Nc6 49. Nf4 Nxa5 50. Kc7 Kc3 51. Kb6 Nc4+ 52. Kxb7 a5 53. Nxd5+
Kd3 54. Nb6 Nxb6 55. Kxb6 a4 56. c6 a3 57. c7 a2 58. c8=Q a1=Q 59. Qa6+ Qxa6+
60. Kxa6 Kxe3 61. d5 Kf4 62. d6 e3 63. d7 e2 64. d8=Q e1=Q 65. Qc7+ Kg4 1/2-1/2

[Event "Xtracon Chess Open 2019"]
[Site "Helsingor DEN"]
[Date "2019.07.27"]
[Round "9.110"]
[White "Tandrup, Michael"]
[Black "Rasmussen, Morten1"]
[Result "0-1"]
[WhiteElo "1962"]
[BlackElo "1816"]
[WhiteFideId "1408356"]
[BlackFideId "1410865"]
[EventDate "2019.07.20"]

1. d4 f5 2. Qd3 d5 3. g4 fxg4 4. h3 Nf6 5. Bf4 c5 6. hxg4 Bxg4 7. f3 Be6 8. dxc5
Qa5+ 9. Nd2 Qxc5 10. O-O-O Nc6 11. Nb3 Qb4 12. Bg5 g6 13. Bxf6 exf6 14. Qe3 Kf7
15. Bh3 Re8 16. Bxe6+ Rxe6 17. Qd3 Be7 18. Qxd5 f5 19. Nd4 Nxd4 20. Qxd4 Qxd4
21. Rxd4 Bc5 22. Rd7+ Re7 23. Rxe7+ Kxe7 24. c3 h5 25. Nh3 Rd8 26. e4 fxe4 27.
fxe4 Rd3 28. Kc2 Re3 29. Nf4 Kf7 30. Nd3 Bd6 31. Rf1+ Ke6 32. Nf4+ Bxf4 33. Rxf4
g5 34. Rf5 Rg3 35. Rf8 h4 36. c4 h3 37. Rh8 g4 38. Rh5 Rg2+ 39. Kc3 h2 40. Kd4
g3 41. Rh6+ Kf7 42. Ke3 Rg1 0-1

[Event "Xtracon Chess Open 2019"]
[Site "Helsingor DEN"]
[Date "2019.07.27"]
[Round "9.111"]
[White "Jarlnaes, Erik"]
[Black "Hansen, Aksel"]
[Result "1-0"]
[WhiteElo "1959"]
[BlackElo "1790"]
[WhiteFideId "1414623"]
[BlackFideId "1412213"]
[EventDate "2019.07.20"]

1. e4 e5 2. Nf3 d6 3. d4 exd4 4. Nxd4 g6 5. Nc3 Bg7 6. Be2 Nf6 7. Bg5 c6 8. O-O
O-O 9. Nb3 Qc7 10. Qd2 Be6 11. Rad1 d5 12. exd5 Nxd5 13. Nxd5 Bxd5 14. c4 Be6
15. Nc5 Qe5 16. Nxe6 Qxe6 17. Rfe1 Na6 18. Bd3 Qc8 19. h4 Nc5 20. Bb1 Ne6 21.
Be7 Re8 22. Bd6 Qd8 23. Bg3 Qb6 24. b3 c5 25. Be5 Rad8 26. Qb2 Rxd1 27. Rxd1 Nd4
28. Bxg7 Kxg7 29. Qd2 Re2 30. Qf4 Qe6 31. Rf1 Rxa2 32. Bd3 Ne2+ 33. Bxe2 Rxe2
34. h5 Re4 35. h6+ Kf8 36. Qb8+ Ke7 37. Qxb7+ Kf6 38. Qxa7 Qe5 39. Qa1 Kg5 40.
Qxe5+ 1-0